000 01685nam0a2200373 4500
001 RU\NLR\bibl\839278
005 20250614144552.0
010 _a5-902059-20-8
021 _aRU
_b2005-49136
_92392
035 _a(NLR Aleph) 000828105
090 _a1343441
_c1343441
100 _a20050912d2003 |||y0rusy50 ca
101 1 _arus
_cfre
102 _aRU
105 _aa |||||||||
200 1 _aРенуар
_eза столом импрессиониста
_fЖан-Бернар Ноден, Жан-Мишель Шарбонье, Франсуа Труши: Жаклин Солнье
_g[пер. с фр. А.И. Кима]
210 _aМосква
_cКристина & К
_cКристина - новый век
_dcop. 2003
215 _a191 с.
_cцв. ил., портр.
_d28
300 _aНа обл. авт.: Жан-Бернар Ноден, Жаклин Солнье, Жан-Мишель Шарбонье
600 1 _aРенуар
_bП.-О.
_f1841 - 1919
_gПьер-Огюст
_9999033
_3RU\NLR\auth\66378563
606 1 _aКулинарное производство
_xФранцузская кухня
_91455044
_3RU\NLR\auth\66616831
606 1 _aФранцузская кухня
_92101102
_3RU\NLR\auth\661270716
686 _aЛ997(3)Французская
686 _aЩ143(4Фр)5-8Ренуар
701 1 _aНоден
_bЖ. -Б.
_gЖан-Бернар
_4070
701 1 _aШарбонье
_bЖ. -М.
_gЖан-Мишель
_4070
701 1 _aТруши
_bФ.
_gФрансуа
_4070
701 1 _aСолнье
_bЖ.
_gЖаклин
_4070
801 0 _aRU
_bNLR
_c20050912
_grcr
801 1 _aRU
_bNLR
_c20050912
942 _cBOOK
980 _aNB